000 00538nam a2200169 i 4500
001 83794
003 ES-MaACL
005 20230906174908.0
007 t|
008 041118s1944 sp ||||1| spa d
100 1 _aIñiguez Almech, José María.
_965372
245 1 0 _aProblemas de matemáticas para estudiantes de Física y Química /
_cpor José María Iñiguez Almech.
250 _a2ª ed.
260 _aZaragoza :
_bLibrería General,
_c1944 (
_fEl Noticiero)
300 _a429 p. ;
_c25 cm.
852 _aES-MaACL
_jB-10353
_bR.21731
999 _c83794
_d83794